Návrh opatrení na zlepšenie vzdelávacieho štandardu v podniku ZVS holding, a.s.

Uložené v:
Podrobná bibliografia
Hlavný autor: Talašová, Alžbeta, 1988- (Autor)
Ďalší autori: Chatrnúchová, Lucia, 1977- (Vedúci práce)
Médium: Rukopis Kniha
Jazyk:Slovak
Vydavateľské údaje: Trnava : STU v Bratislave MTF UPMK, 2012
Predmet:
On-line prístup:VAIS
Tagy: Pridať tag
Žiadne tagy, Buďte prvý, kto otaguje tento záznam!

MARC

LEADER 00000ntm a22000003a 4500
001 stu250966
005 20150617230203.9
008 120719s2012----xo------------------slo-d
040 |a STU  |b slo 
041 0 |a slo 
044 |a xo 
100 1 |a Talašová, Alžbeta,  |d 1988-  |4 aut  |u M  |T MTF Materiálovotechnologická fakulta  |X 48649  |U M  |Y 60  |7 A000048649 
242 0 0 |a Proposed measures for improvement of educational standard in the company ZVS holding, a.s.   |y eng 
245 1 |a Návrh opatrení na zlepšenie vzdelávacieho štandardu v podniku ZVS holding, a.s.  
260 |a Trnava :  |b STU v Bratislave MTF UPMK,  |c 2012 
300 |a 62s  |c CD ROM 
650 7 |a priemyselné manažérstvo  |2 stusub 
650 7 |a Industrial Management  |2 estusub 
650 7 |a education  |2 estusub 
650 7 |a vzdelávanie  |2 stusub 
650 7 |a podnik  |2 stusub 
650 7 |a zamestnanci  |2 stusub 
700 1 |a Chatrnúchová, Lucia,  |d 1977-  |4 ths  |u M4000  |U MTF Materiálovotechnologická fakulta  |T MTF Ústav priemyselného inžinierstva a manažmentu  |X 29430  |U M4000  |Y 84  |7 A000029430 
856 4 |a info a plný text  |u http://is.stuba.sk/zp/portal_zp.pl?podrobnosti=62397  |3 VAIS 
996 |c M*BP-5756  |l MMSKP  |s P  |a 0  |w stu250966_0001